000 00498nam a2200157 i 4500
001 58925
003 ES-MaACL
005 20230906163924.0
007 t|
008 031024s1912 sp ||||1| spa d
100 1 _aEguidazu e Irueta, Tomás.
_946753
245 1 0 _aPor la Justicia
_b: una querella contra la Sala 1ª del Tribunal Supremo /
_cTomás Eguidazu e Irueta.
260 _aMadrid :
_b[s.n.],
_c1912 (
_fEl Correo Español)
300 _aV, 62 p. ;
_c21 cm.
852 _aES-MaACL
_jT-1331-F-1
999 _c58925
_d58925